Langues de tous les pays du monde - Statistiques

Statistiques générales
  • Ce quiz a été pris 423 fois
  • Le résultat moyen est 209 sur 287
Statistiques - réponses
Pays Langue(s) oficielle(s) % Correct
Afrique du Sud | Antigua et Barbuda | Australie | +56 others Anglais
96%
Algérie | Arabie Saoudite | Bahreïn | +21 others Arabe
96%
Argentine | Bolivie | Chili | +17 others Espagnol
96%
Algérie | Belgique | Burkina Faso | +28 others Français
96%
Allemagne | Autriche | Belgique | +3 others Allemand
95%
Angola | Brésil | Cap Vert | +5 others Portugais
93%
Chine | Singapour Chinois mandarin
91%
Bélarus | Kazahstan | Kirgizistan | +2 others Russe
91%
Croatie | Italie | Saint-Marin | +3 others Italien
87%
Japon Japonais
86%
Corée du Nord | Corée du Sud Coréen
84%
Belgique | Pays-Bas | Suriname Neerlandais
84%
Chypre | Grèce Grec
80%
Chypre | Turquie Turc
79%
Bosnie-Herzégovine | Croatie | Monténégro Croate
77%
Norvège Norvégien
77%
Moldavie | Roumanie Roumain
77%
Finlande | Suède Suédois
77%
Ukraine Ukrainien
77%
Afghanistan Pachto
75%
Pologne Polonais
75%
Danemark Danois
74%
Bosnie-Herzégovine | Monténégro | Serbie Serbe
74%
Thaïlande Thaï
74%
Viet Nam Vietnamien
72%
Albanie | Macédoine du Nord | Monténégro Albanais
71%
Islande Islandais
71%
Arménie Arménien
69%
Géorgie Géorgien
69%
Lettonie Letton
69%
Slovaquie Slovaque
69%
Bulgarie Bulgare
68%
Hongrie | Slovénie Hongrois
68%
Irlande Irlandais
68%
Lituanie Lituanien
67%
Iran Persan
66%
Tchéquie Tchèque
66%
Mongolie Mongol
65%
Finlande Finnois
63%
Israël Hébreu
63%
Slovénie Slovène
62%
Brunei | Malaisie | Singapour Malais
60%
Estonie Estonien
59%
Luxembourg Luxembourgeois
59%
Népal Népalais
59%
Indonesie Indonesien
58%
Vatican Latin
58%
Inde Hindi
57%
Laos Lao
57%
Madagascar Malgache
54%
Somalie Somali
53%
Bangladesh Bengali
51%
Birmanie Birman
50%
Macédoine du Nord Macédonien
50%
Ouzbékistan Ouzbek
50%
Cap Vert Créole cap-verdien
48%
Haïti Créole haïtien
48%
Seychelles Créole seychellois
48%
Kazahstan Kazakh
48%
Malte Maltais
48%
Bélarus Biélorusse
44%
Philippines Philippin
44%
Bosnie-Herzégovine | Monténégro Bosnien
40%
Tadjikistan Tadjik
39%
Andorre Catalan
37%
Kenya | Ouganda | Rwanda | Tanzanie Swahili
34%
Afrique du Sud Afrikaans
33%
Azerbaidjan Azéri
31%
Comores Comorien
31%
Monténégro Monténégrin
31%
Suisse Romanche
31%
Fidji Fidjien
26%
Turkménistan Turkmène
25%
Irak Kurde
24%
Bolivie | Pérou Quechua
24%
Nouvelle-Zélande Maori
22%
Cambodge Khmer
21%
Singapour | Sri Lanka Tamoul
21%
Kirgizistan Kirghize
20%
Maldives Maldivien
19%
Ethiopie Amharique
17%
Pakistan Ourdou
17%
Samoa Samoan
15%
Marshall Marshallais
13%
Tonga Tongien
11%
Afghanistan Dari
10%
Bolivie | Paraguay Guarani
7%
Tuvalu Tuvaluan
7%
Kiribati Gilbertin
6%
Lesotho Sotho du sud
6%
Bolivie | Pérou Aymara
5%
Burundi Kirundi
5%
Palaos Paluan
4%
Eswatini Swati
4%
Botswana Tswana
4%
Géorgie Abkhaze
3%
Maroc Amazighe
3%
Bhoutan Dzongkha
3%
Rwanda Kinyarwanda
3%
Algérie Tamazight
3%
Vanuatu Bichelamar
2%
Togo Ewe
2%
République centrafricaine Sango
2%
Timor oriental Tétoum
2%
Erythree Tigrigna
2%
Malawi Chewa
1%
Togo kabiye
1%
Sierra Leone Krio
1%
Equateur Shuar
1%
Equateur Kichwa
0%
Sri Lanka Shingalais
0%
Aucun quiz correspondant
Distribution des résultats
% des personnes avec chaque résultat
Percentile par nombre de réponses
Votre historique - résultats
Vous n’avez pas pris ce quiz